El cine español después de Franco 1973-1988

Kaydedildi:
Detaylı Bibliyografya
Yazar: Hopewell, John (Yazar)
Materyal Türü: Kitap
Dil:İspanyolca
Baskı/Yayın Bilgisi: Madrid Eds. El Arquero 1989
Seri Bilgileri:Temas de nuestro tiempo
Konular:
Etiketler: Etiketle
Etiket eklenmemiş, İlk siz ekleyin!

MARC

LEADER 00000nam a2200000 a 4500
001 UCY1450
003 CL-VaPUC
008 940902e19890000SP |||||||||||||||||spa|d
082 0 4 |a 791.430946  |b HOP  |2 21 
100 0 |a Hopewell, John  |e author  |9 329432 
245 1 3 |a El cine español después de Franco 1973-1988 
300 |a 479 p 
942 |c BK 
945 |d 19940902 00:00:00  |a mfernand 
260 |a Madrid  |b Eds. El Arquero  |c 1989 
650 0 |a Cine  |9 225706 
651 0 |a España  |9 254926 
583 |a last modification  |c 19940902 00:00:00  |k Rodrigo Vera 
490 0 |a Temas de nuestro tiempo 
999 |c 230149  |d 230147 
952 |0 0  |1 0  |4 0  |6 791_430946000000000_HOP_1989  |7 0  |8 R  |9 232181  |a BIBART  |b BIBART  |d 2019-11-15  |i 3009572  |o 791.430946 HOP 1989  |p 3009572  |r 2025-03-13  |w 2019-11-15  |y BK_R  |k ART